000 00590nam a2200181Ia 4500
008 100917s9999 xx 000 0 und d
082 _b29926
100 _aकविश्वर छबुताई
245 _aआणि सूडाग्नी गारठला
260 _bसुरस प्रकाशन
_c1976
300 _a64
365 _b5
520 _aकादंबरी
630 _aआणि सूडाग्नी गारठला
650 _aकादंबरी
730 _aआणि सूडाग्नी गारठला
942 _cBOOK
999 _c635320
_d635317